The Office of the Secretary to the Government of the Federal Republic of Nigeria (Record no. 3053)

MARC details
000 -LEADER
fixed length control field 00388nam a22001337a 4500
008 - FIXED-LENGTH DATA ELEMENTS--GENERAL INFORMATION
fixed length control field 250417b |||||||| |||| 00| 0 eng d
020 ## - INTERNATIONAL STANDARD BOOK NUMBER
ISBN 9782458953
100 ## - MAIN ENTRY--AUTHOR
Author Ajulo Babalola Sunday
245 ## - TITLE STATEMENT
Title The Office of the Secretary to the Government of the Federal Republic of Nigeria
260 ## - PUBLICATION, DISTRIBUTION, ETC. (IMPRINT)
Place of publication Abuja
Name of publisher Vantage Publishers
Date of publication 1998
300 ## - COLLATION
Pagination 164p.
942 ## - ADDED ENTRY ELEMENTS (KOHA)
Item type Books
050 ## - LIBRARY OF CONGRESS CALL NUMBER
Classification number JF 1525
Item number .A58
Holdings
Source of classification or shelving scheme Not for loan Permanent location Current location Date acquired Accession No. Full call number Barcode. Koha item type
Library of Congress Classification   Samuel Ogbemudia Main Library, University of Abuja Samuel Ogbemudia Main Library, University of Abuja 04/17/2025 2002/022835 JF 1525.A58 2025-1457 Books